[Event "AUTO-OPEN-501"]
[Site "http://www.queenalice.com/game.php?id=148339"]
[Date "2006.12.31"]
[Round "1"]
[White "Alcar"]
[Black "Zolander"]
[Result "0-1"]
[WhiteElo "1719"]
[BlackElo "1810"]

1. e4 e6 2. d4 d5 3. Nc3 Bb4 4. Bd2 dxe4 5. Nxe4 Qxd4 6. Bd3 Bxd2+ 7. Qxd2 Qxb2
8. Qd1 Qb4+ 9. Nd2 Nf6 10. Nf3 O-O 11. O-O b6 12. a3 Qa4 13. Ne5 Bb7 14. f3 Qd4+
15. Kh1 Qxe5 16. Re1 Qc3 17. Ne4 Nxe4 18. Bxe4 Bxe4 19. Rxe4 Na6 20. Re1 Rfd8
21. Qe2 Nc5 22. h3 Rd2 23. Qf1 Rxc2 24. Rec1 Rxc1 25. Rxc1 Qxa3 26. Qc4 Rd8 27.
Qf4 Nd3 28. Rxc7 Nxf4 0-1

[Event "AUTO-OPEN-501"]
[Site "http://www.queenalice.com/game.php?id=148340"]
[Date "2006.12.31"]
[Round "1"]
[White "Zolander"]
[Black "Alcar"]
[Result "1-0"]
[WhiteElo "1657"]
[BlackElo "1717"]

1. d4 d5 2. c4 Nf6 3. Nc3 Bf5 4. Qb3 b6 5. cxd5 e6 6. dxe6 Bxe6 7. Qd1 Be7 8. e3
O-O 9. Nf3 Bb4 10. Bd3 Nc6 11. O-O Bxc3 12. bxc3 Nd5 13. c4 Nf6 14. d5 Nxd5 15.
cxd5 Qxd5 16. Qc2 g6 17. Be4 Qh5 18. Bxc6 Rad8 19. Ba3 Bd5 20. Bxd5 Qxd5 21.
Bxf8 Kxf8 22. Rfd1 1-0

[Event "AUTO-OPEN-501"]
[Site "http://www.queenalice.com/game.php?id=148353"]
[Date "2006.12.31"]
[Round "1"]
[White "Zolander"]
[Black "Cesar"]
[Result "1-0"]
[WhiteElo "1970"]
[BlackElo "1627"]

1. d4 c5 2. d5 Nf6 3. c4 d6 4. Nc3 g6 5. e4 e6 6. Bd3 Bg7 7. Nge2 exd5 8. cxd5
Bd7 9. O-O O-O 10. Ng3 Be8 11. Bf4 a6 12. a4 Qb6 13. Qc2 Nbd7 14. a5 Qc7 15. Na4
Ng4 16. Rac1 Rc8 17. b4 Bd4 18. h3 Ngf6 19. Ne2 Nb8 20. Nxd4 Bxa4 21. Qxa4 Nbd7
22. Nb3 b6 23. bxc5 b5 24. Qa1 Qd8 25. Bxd6 Re8 26. f3 Kg7 27. c6 Nf8 28. Bb4
Qc7 29. d6 Qa7+ 30. Bc5 Qa8 31. d7 Nxd7 32. cxd7 Rcd8 33. dxe8=Q Rxe8 34. Bd4
Re6 35. Nc5 Rd6 36. Bxf6+ Kf8 37. e5 Rc6 38. Be4 1-0

[Event "AUTO-OPEN-501"]
[Site "http://www.queenalice.com/game.php?id=148354"]
[Date "2006.12.31"]
[Round "1"]
[White "Cesar"]
[Black "Zolander"]
[Result "0-1"]
[WhiteElo "1625"]
[BlackElo "1968"]

1. e4 e6 2. Nf3 d5 3. e5 c5 4. d4 Nc6 5. c3 Bd7 6. Be2 Nge7 7. Bg5 Qb6 8. b3
cxd4 9. Bxe7 Bxe7 10. Nxd4 Nxe5 11. O-O Nc6 12. Nxc6 Bxc6 13. Nd2 Rd8 14. Rb1
O-O 15. c4 dxc4 16. Bxc4 Qb4 17. Rb2 Bf6 18. Rc2 Be4 19. a3 Bxc2 20. Qxc2 Qxd2
21. Qxd2 Rxd2 22. h3 a6 23. b4 b5 24. Bb3 Rb2 25. Bd1 Ra2 0-1

[Event "Challenge"]
[Site "http://www.queenalice.com/game.php?id=148521"]
[Date "2006.12.31"]
[Round "-"]
[White "het_man"]
[Black "Zolander"]
[Result "1-0"]
[WhiteElo "1689"]
[BlackElo "1976"]

1. e4 e6 2. d4 d5 3. exd5 exd5 4. Nf3 Bg4 5. Be2 Bd6 6. O-O Nc6 7. Re1 Nge7 8.
c3 O-O 9. Nbd2 Ng6 10. Nf1 Re8 11. Ne3 Be6 12. Bd3 Nh4 13. g3 Ng6 14. Nf5 Nce7
15. Nxd6 Qxd6 16. Ng5 Nc6 17. Qh5 h6 18. Nxe6 Rxe6 19. Rxe6 Qxe6 20. Bd2 Nce7
21. Re1 Qc6 22. h4 Re8 23. Qe2 a6 24. h5 Nf8 25. Qe5 Nd7 26. Qf4 Nf6 27. Qh4 Qd7
28. Bxh6 Nf5 29. Rxe8+ Nxe8 30. Qg4 Ned6 31. Bxg7 Ne4 32. Be5+ Kh7 33. f3 f6 34.
fxe4 1-0

[Event "AUTO-OPEN-502"]
[Site "http://www.queenalice.com/game.php?id=148621"]
[Date "2006.12.31"]
[Round "1"]
[White "rubenov"]
[Black "Zolander"]
[Result "0-1"]
[WhiteElo "1873"]
[BlackElo "1888"]

1. d4 Nf6 2. Nc3 d5 3. Bf4 c6 4. e3 Bf5 5. Nf3 e6 6. Bg5 Nbd7 7. Ne5 Be7 8. Bf4
O-O 9. h3 c5 10. dxc5 Bxc5 11. Bd3 Bg6 12. Nxg6 fxg6 13. O-O a6 14. a3 Rc8 15.
Ne2 b5 16. c3 Nb6 17. Qc2 Bd6 18. Bg5 Nc4 19. Nd4 Qd7 20. Bxc4 bxc4 21. Ne2 Ne4
22. Bf4 Bxf4 23. Nxf4 Nc5 24. Rad1 g5 25. Ne2 Nd3 26. b4 e5 27. Ng3 e4 28. a4
Rf7 29. Rd2 g4 30. h4 Qe7 31. h5 g6 0-1

[Event "AUTO-OPEN-502"]
[Site "http://www.queenalice.com/game.php?id=148622"]
[Date "2006.12.31"]
[Round "1"]
[White "Zolander"]
[Black "rubenov"]
[Result "1-0"]
[WhiteElo "1965"]
[BlackElo "1873"]

1. d4 d5 2. c4 dxc4 3. e4 c6 4. Bxc4 Nf6 5. Nc3 e6 6. e5 Nd5 7. Nf3 Bb4 8. Bd2
Nxc3 9. bxc3 Be7 10. Bd3 Nd7 11. Qe2 Nb6 12. c4 Bd7 13. a4 h6 14. a5 Nc8 15. c5
a6 16. Rb1 Ra7 17. O-O g5 18. h3 h5 19. Nh2 f5 20. exf6 Bxf6 21. Bg6+ Ke7 22.
Bxh5 Qg8 23. Be3 Kf8 24. Ng4 Qg7 25. Qf3 Ke7 26. Nxf6 Qxf6 27. Qg4 Rg8 28. h4 e5
29. dxe5 Bxg4 30. exf6+ Kxf6 31. Bxg5+ 1-0

[Event "AUTO-OPEN-502"]
[Site "http://www.queenalice.com/game.php?id=148647"]
[Date "2006.12.31"]
[Round "1"]
[White "Zolander"]
[Black "llo_oll"]
[Result "0-1"]
[WhiteElo "2018"]
[BlackElo "2218"]

1. d4 d5 2. c4 c6 3. Nf3 Nf6 4. Nc3 dxc4 5. a4 Bf5 6. e3 e6 7. Bxc4 Bb4 8. O-O
Nbd7 9. Qe2 Bg6 10. e4 Bxc3 11. bxc3 Nxe4 12. Ba3 Qc7 13. Rfe1 Nxc3 14. Qb2 Nd5
15. Bxd5 cxd5 16. Rac1 Qb6 17. Qc3 a5 18. Ne5 Nxe5 19. dxe5 Kd7 20. Bc5 Qa6 21.
Qa3 Rac8 22. Qb2 Rhe8 23. Qa3 Rc6 24. Be3 Bc2 25. h4 Rc4 26. Qa2 Rec8 27. Bd2
Rxa4 28. Qb2 Qd3 29. Qxb7+ Rc7 30. Qb6 Qxd2 31. Qd6+ Kc8 32. Qa6+ Kd8 33. Qd6+
Rd7 34. Qf8+ Kc7 35. Qc5+ Kb7 36. Qb5+ Kc8 37. Qc6+ Kd8 38. Qxc2 Qxc2 39. Rxc2
Rxh4 40. g3 Rb4 41. Rec1 Rb8 42. Ra1 Rb5 43. Rca2 Ra7 44. Ra4 Kc7 45. Rg4 g6 46.
Rh4 h5 47. Rf4 Kb6 48. Rd4 Kc5 49. Rda4 Kb6 50. Kg2 Rb3 51. Kh3 Kb5 52. Kg2 g5
53. Kh3 Kb6 54. R4a2 a4 55. Rxa4 Rxa4 56. Rxa4 Rf3 57. Kg2 g4 58. Rd4 Rf5 59.
Rb4+ Kc5 60. Rb7 Kd4 61. Rb4+ Kxe5 62. Rb5 Ke4 63. Rb4+ d4 64. Kf1 Ra5 65. Rb7
Ra1+ 66. Kg2 d3 67. Rb4+ Ke5 0-1

[Event "AUTO-OPEN-502"]
[Site "http://www.queenalice.com/game.php?id=148648"]
[Date "2006.12.31"]
[Round "1"]
[White "llo_oll"]
[Black "Zolander"]
[Result "0-1"]
[WhiteElo "2218"]
[BlackElo "1975"]

1. Nf3 Nf6 2. c4 g6 3. d4 d6 4. Nc3 Bg7 5. e4 O-O 6. Be2 e5 7. O-O Na6 8. Be3
Ng4 9. Bg5 Qe8 10. dxe5 dxe5 11. Nd2 f6 12. Bh4 h5 13. h3 Nh6 14. Qb3 Nc5 15.
Qa3 Ne6 16. Rfe1 Nd4 17. Nd5 Nc2 18. Qc3 Nxe1 19. Nxc7 Qc6 20. Nd5 Kh7 21. Rxe1
Nf7 22. b4 Nd8 23. Nb3 b6 24. f4 exf4 25. Bxf6 Bxf6 26. Nxf6+ Qxf6 27. Qxf6 Rxf6
28. e5 Rf8 29. Bf3 Bb7 30. Bd5 Bxd5 31. cxd5 Nf7 32. Nd4 Rae8 33. Nc6 f3 34.
gxf3 Ng5 35. Kg2 Nxf3 36. Rf1 Nh4+ 37. Kg1 Rxf1+ 38. Kxf1 Nf3 39. e6 Ng5 40.
Nxa7 Nxh3 41. Nb5 Nf4 42. Nd6 Re7 43. Nc8 Nxd5 44. Nxe7 Nxe7 45. a4 Kg7 46. a5
bxa5 47. bxa5 Kf6 48. a6 Nc6 49. Kg2 Kxe6 50. Kf3 Kf5 51. Kg3 g5 52. Kh2 h4 53.
Kg1 Kg4 54. Kh2 Kf3 55. a7 Nxa7 56. Kh3 g4+ 57. Kxh4 g3 58. Kh3 Kf2 59. Kg4 g2
60. Kf4 g1=Q 61. Ke5 Qd1 62. Ke4 Qd2 63. Ke5 Kf3 64. Kf5 Qd5+ 65. Kf6 Kf4 66.
Kg6 Qf5+ 67. Kg7 Kg5 68. Kh8 Kg6 69. Kg8 Qc8# 0-1

[Event "AUTO-OPEN-502"]
[Site "http://www.queenalice.com/game.php?id=148649"]
[Date "2006.12.31"]
[Round "1"]
[White "Zolander"]
[Black "joffly"]
[Result "1-0"]
[WhiteElo "1899"]
[BlackElo "1732"]

1. d4 d5 2. c4 e6 3. Nc3 c5 4. cxd5 cxd4 5. Qa4+ Qd7 6. Qxd4 Nf6 7. e4 Be7 8.
Bb5 Nc6 9. Qd1 a6 10. dxc6 Qxd1+ 11. Kxd1 axb5 12. Nxb5 O-O 13. cxb7 Bxb7 14. f3
Rfd8+ 15. Ke1 Bb4+ 16. Nc3 Bxc3+ 17. bxc3 Rd3 18. Ne2 Rad8 19. Kf2 Ba6 20. Bg5
h6 21. Bf4 g5 22. Be3 Ne8 23. a4 f5 24. exf5 exf5 25. Rab1 Nf6 26. Rb6 R8d6 27.
Rxd6 Rxd6 28. Bd4 Bxe2 29. Kxe2 Nd5 30. g3 Re6+ 31. Kf2 Nb6 32. Bxb6 Rxb6 33. h4
g4 34. fxg4 fxg4 35. Re1 Rb2+ 36. Re2 Rb3 37. Re4 h5 38. c4 Rb4 39. a5 Ra4 40.
Re5 Rxc4 41. Rxh5 1-0

[Event "AUTO-OPEN-502"]
[Site "http://www.queenalice.com/game.php?id=148650"]
[Date "2006.12.31"]
[Round "1"]
[White "joffly"]
[Black "Zolander"]
[Result "1/2-1/2"]
[WhiteElo "1683"]
[BlackElo "2016"]

1. e4 e6 2. d4 d5 3. e5 c5 4. Nf3 cxd4 5. Nxd4 Nc6 6. Bb5 Bd7 7. Nxc6 bxc6 8.
Ba4 Qa5+ 9. Nc3 Bb4 10. Qd4 Bxc3+ 11. bxc3 f6 12. Bf4 Qa6 13. Bb3 Rc8 14. Qd3
Qb7 15. O-O c5 16. c4 a5 17. a4 d4 18. Rab1 Bc6 19. Ba2 Qa8 20. f3 Kf7 21. exf6
gxf6 22. Rfe1 e5 23. Bxe5 fxe5 24. Rxe5 Bxa4 25. Qf5+ Nf6 26. Rbe1 Rhe8 27. Re6
Rxe6 28. Rxe6 Re8 29. Qxf6+ Kg8 30. Qg5+ 1/2-1/2

[Event "Challenge"]
[Site "http://www.queenalice.com/game.php?id=186576"]
[Date "2007.3.23"]
[Round "-"]
[White "technicaldraw"]
[Black "Zolander"]
[Result "0-1"]
[WhiteElo "2050"]
[BlackElo "1923"]

1. e4 e6 2. d4 d5 3. Nc3 Nf6 4. Bg5 dxe4 5. Nxe4 Be7 6. Bxf6 Bxf6 7. Nxf6+ Qxf6
8. Nf3 O-O 9. c3 Nd7 10. Bd3 e5 11. O-O exd4 12. Nxd4 Ne5 13. Be4 Rd8 14. Qc2 g6
15. Rad1 Rb8 16. Nb5 c6 17. Rxd8+ Qxd8 18. Nd4 c5 19. Nf3 Nxf3+ 20. Bxf3 Bf5 21.
Qb3 Bd3 22. Rd1 c4 23. Qb5 a6 24. Qe5 b5 25. Be4 Qe8 26. Qxe8+ Rxe8 27. Bb7 Re2
28. Bxa6 Rxb2 29. h3 Rxa2 30. Bxb5 Rc2 31. f3 Rxc3 32. Kf2 Rc2+ 33. Kg3 Kg7 0-1

[Event "Challenge"]
[Site "http://www.queenalice.com/game.php?id=214048"]
[Date "2007.5.21"]
[Round "-"]
[White "headhunter"]
[Black "Zolander"]
[Result "1-0"]
[WhiteElo "2231"]
[BlackElo "2019"]

1. e4 e6 2. d4 d5 3. Nc3 Nf6 4. Bg5 dxe4 5. Nxe4 Be7 6. Bxf6 Bxf6 7. Nf3 Nd7 8.
Nxf6+ Nxf6 9. Bd3 Bd7 10. O-O Bc6 11. c3 Nd7 12. Qe2 Qf6 13. Be4 Bxe4 14. Qxe4
O-O-O 15. a4 g5 16. a5 a6 17. b4 c6 18. c4 Qf5 19. Qxf5 exf5 20. Nxg5 Rdf8 21.
Rfe1 h6 22. Nf3 Rhg8 23. h3 Rg7 24. Nh4 Rg5 25. Re7 Nf6 26. Re5 f4 27. Nf5 f3
28. g3 Nd7 29. Nd6+ Kc7 30. Rxg5 hxg5 31. Ne4 f6 32. Ra3 Re8 33. Re3 b6 34. Nd2
Rb8 35. axb6+ Rxb6 36. Rb3 Rb8 37. Kh2 Ra8 38. Rxf3 a5 39. bxa5 Rxa5 40. c5 Ra4
41. Nb3 Rb4 42. Kg2 f5 43. Rd3 Rb5 44. Kf3 Nf6 45. h4 gxh4 46. gxh4 Nh5 47. Nc1
Rb1 48. Rd1 Kd7 49. d5 cxd5 50. Rxd5+ Ke6 51. Rd6+ Ke5 52. Nd3# 1-0

[Event "AUTO-OPEN-501"]
[Site "http://www.queenalice.com/game.php?id=223117"]
[Date "2007.6.10"]
[Round "2"]
[White "J_Ricardo"]
[Black "Zolander"]
[Result "0-1"]
[WhiteElo "1439"]
[BlackElo "1975"]

1. e4 e6 2. d3 d5 3. Nd2 c5 4. b3 Nc6 5. Bb2 d4 6. Ngf3 Bd6 7. c3 e5 8. cxd4
exd4 9. a3 a5 10. a4 Nf6 11. Be2 O-O 12. Rc1 Re8 13. Nc4 Bc7 14. Ba1 Nb4 15. O-O
Bd7 16. Ng5 Bf4 17. Rb1 Bxg5 18. Bf3 b5 19. axb5 Bxb5 20. Qe1 Nxd3 21. Qe2 Ne5
22. Qb2 Nxf3+ 23. Kh1 Bxc4 24. bxc4 Nd2 25. f4 Bxf4 26. Rxf4 Nxb1 27. Qxb1 Qb8
28. Qd3 Qxf4 29. h3 Rxe4 30. Qf3 Re1+ 0-1

[Event "AUTO-OPEN-501"]
[Site "http://www.queenalice.com/game.php?id=223118"]
[Date "2007.6.10"]
[Round "2"]
[White "Zolander"]
[Black "J_Ricardo"]
[Result "1-0"]
[WhiteElo "1975"]
[BlackElo "1501"]

1. d4 e6 2. e4 d6 3. Nf3 Ne7 4. Nc3 a6 5. Bf4 h6 6. Bd3 Ng6 7. Be3 Be7 8. O-O c6
9. e5 dxe5 10. Bxg6 fxg6 11. dxe5 Nd7 12. Qd3 Rf8 13. Qxg6+ Rf7 14. Rad1 Qc7 15.
Qxe6 Nxe5 16. Qxe5 Rf5 17. Qxc7 Rb5 18. Nxb5 axb5 19. Bc5 Bxc5 20. Rd8# 1-0

[Event "AUTO-OPEN-501"]
[Site "http://www.queenalice.com/game.php?id=223125"]
[Date "2007.6.10"]
[Round "2"]
[White "schibu"]
[Black "Zolander"]
[Result "1-0"]
[WhiteElo "2216"]
[BlackElo "1993"]

1. Nf3 Nf6 2. c4 g6 3. b3 Bg7 4. Bb2 O-O 5. g3 d6 6. Bg2 e5 7. O-O Nc6 8. Nc3
Nh5 9. d3 f5 10. e3 g5 11. h3 g4 12. Nd2 Nf6 13. hxg4 Nxg4 14. Qe2 Be6 15. Nd5
Rf7 16. Nf3 h6 17. Nh4 Ne7 18. Nxe7+ Qxe7 19. Bxb7 Rb8 20. Bc6 Kh7 21. Bd5 Nf6
22. Bxe6 Qxe6 23. Rac1 e4 24. d4 c6 25. Ng2 d5 26. Ba3 Bf8 27. Nf4 Qd7 28. Bxf8
Rfxf8 29. Rc3 Rf7 30. Rfc1 Rff8 31. cxd5 1-0

[Event "AUTO-OPEN-501"]
[Site "http://www.queenalice.com/game.php?id=223126"]
[Date "2007.6.10"]
[Round "2"]
[White "Zolander"]
[Black "schibu"]
[Result "0-1"]
[WhiteElo "2031"]
[BlackElo "2203"]

1. d4 Nf6 2. c4 e6 3. Nf3 b6 4. Nc3 Bb4 5. Qb3 c5 6. a3 Ba5 7. Bg5 h6 8. Bh4 g5
9. Bg3 g4 10. Nd2 cxd4 11. Ncb1 Ne4 12. Qd3 Nxg3 13. hxg3 Bxd2+ 14. Nxd2 Nc6 15.
Nb3 Qf6 16. Rd1 e5 17. e3 dxe3 18. Qxe3 Ba6 19. Be2 Qe6 20. Rc1 f5 21. Qd3 O-O-O
22. Qd5 h5 23. Nd2 Kb8 24. b4 Qf6 25. b5 Bb7 26. Qd3 Nd4 27. f3 h4 0-1

[Event "AUTO-OPEN-501"]
[Site "http://www.queenalice.com/game.php?id=223131"]
[Date "2007.6.10"]
[Round "2"]
[White "Zolander"]
[Black "eductx"]
[Result "1-0"]
[WhiteElo "2006"]
[BlackElo "2044"]

1. d4 d5 2. c4 e6 3. Nc3 Nf6 4. cxd5 exd5 5. Bg5 Nbd7 6. Nf3 c6 7. e3 Be7 8. Qc2
h6 9. Bh4 O-O 10. Bd3 Re8 11. O-O Nf8 12. a4 Qc7 13. Bxf6 Bxf6 14. Nxd5 Qd6 15.
Nf4 Bg4 16. Be4 Qd7 17. Nd2 Bg5 18. Nd3 Ne6 19. Ne5 Nxd4 20. exd4 Qxd4 21. Nef3
Bxf3 22. Bh7+ Kh8 23. Nxf3 Qd6 24. Nxg5 hxg5 25. Rad1 Qe6 26. Bd3 Rad8 27. Bc4
Qf6 28. Rxd8 Rxd8 29. Qb3 Rd7 30. Qh3+ 1-0

[Event "AUTO-OPEN-501"]
[Site "http://www.queenalice.com/game.php?id=223132"]
[Date "2007.6.10"]
[Round "2"]
[White "eductx"]
[Black "Zolander"]
[Result "1-0"]
[WhiteElo "2086"]
[BlackElo "2009"]

1. Nf3 Nf6 2. c4 g6 3. d4 Bg7 4. Nc3 O-O 5. e4 d6 6. Be2 e5 7. dxe5 dxe5 8. Qxd8
Rxd8 9. Bg5 Re8 10. O-O c6 11. Rfd1 Na6 12. Nxe5 Nc5 13. f3 Rxe5 14. Rd8+ Ne8
15. f4 Re6 16. Bg4 Kf8 17. Bxe6 Nxe6 18. Rd2 h6 19. Bh4 Nxf4 20. Rf1 g5 21. Bg3
Be5 22. Nd1 Nd6 23. Bxf4 gxf4 24. b3 Nxe4 25. Re2 f5 26. Rf3 Be6 27. Nf2 Bd4 28.
Rxf4 Bxf2+ 29. Rfxf2 Nxf2 30. Rxe6 Ne4 31. Rxh6 Kg7 32. Rh3 Rd8 33. Rf3 Kg6 34.
h4 Rd1+ 35. Kh2 Rd2 36. a3 Rd8 37. Re3 Rh8 38. Kh3 Re8 39. Kh2 Kh5 40. g3 Rd8
41. Rf3 Kg6 42. Re3 Rd2+ 43. Kg1 Kh5 44. Rf3 1-0